[Event "Olomouc Chess Summer 2016-Open seniorù"]
[Site "Olomouc"]
[Date "2016.08.16"]
[Round "5.5"]
[White "Young, Mel J"]
[Black "Novak, Borivoj"]
[Result "1-0"]
[WhiteElo "1900"]
[BlackElo "1750"]
[PlyCount "113"]
[EventDate "2016.08.13"]

1. e4 c5 2. d4 cxd4 3. c3 dxc3 4. Nxc3 Nc6 5. Nf3 d6 6. Bc4 e6 7. O-O Nf6 8.
Qe2 Be7 9. Rd1 O-O 10. e5 Ng4 11. exd6 Bf6 12. Ne4 Bd7 13. Nxf6+ Nxf6 14. Bg5
h6 15. Bh4 a6 16. Rac1 Rc8 17. Bd3 Qa5 18. Bb1 g5 19. Bg3 Nd5 20. Ne5 Nxe5 21.
Rxc8 Rxc8 22. Bxe5 Nf4 23. Bxf4 gxf4 24. Qe4 f5 25. Qxf4 Qa4 26. Qxa4 Bxa4 27.
b3 Bd7 28. f4 Kf7 29. Kf2 Rc3 30. Ke2 Rc5 31. Ke3 Kf6 32. g3 Rd5 33. Rxd5 exd5
34. Kd4 Ke6 35. Kc5 Bc6 36. Bd3 Bb5 37. Bc2 Bc6 38. a4 Bd7 39. Bd3 b5 40. a5
Be8 41. Kb6 Kxd6 42. Bxf5 d4 43. Kxa6 Kc5 44. b4+ Kxb4 45. Kb6 Kc3 46. a6 Bf7
47. Kxb5 Bd5 48. Kb6 d3 49. Bxd3 Kxd3 50. f5 Kd4 51. g4 Ke5 52. Kc7 Kf6 53. a7
Ke7 54. Kb8 h5 55. g5 h4 56. a8=Q Bxa8 57. Kxa8 1-0